[Event "Bayern-ch (Women)"]
[Site "Bad Griesbach"]
[Date "2016.08.25"]
[Round "7"]
[White "Milak, Adela"]
[Black "Braun, Kristin"]
[Result "0-1"]
[WhiteElo "1629"]
[BlackElo "1837"]
[PlyCount "82"]
[EventDate "2016.08.21"]
[EventType "swiss"]
[EventRounds "9"]
[EventCountry "GER"]
[SourceTitle "EXT 2022"]
[Source "ChessBase"]
[SourceDate "2021.10.06"]
[SourceVersion "1"]
[SourceVersionDate "2021.10.06"]
[SourceQuality "1"]

1. b3 Nf6 2. Bb2 d6 3. g3 e5 4. Bg2 g6 5. Nf3 Nc6 6. c4 Bg7 7. 0-0 0-0 8. Nc3 Nh5 9. d4 Nxd4 10. Nxd4 exd4 11. Nb5 c5 12. Re1 a6 13. Na3 Qc7 14. Rc1 Re8 15. Qd2 Bd7 16. h4 Re7 17. Qg5 Rae8 18. Bf3 h6 19. Qd2 Nf6 20. Bg2 Bc6 21. f3 Re5 22. Nc2 R5e7 23. b4 b6 24. Kf2 Nd7 25. Ra1 Ne5 26. Na3 Qb7 27. b5 axb5 28. cxb5 Bd5 29. Qf4 Nc4 30. Bc1 Nxa3 31. Bxa3 Bc4 32. Bf1 Bxb5 33. Rab1 Qa6 34. Bb2 Re6 35. a3 Bxe2 36. Bh3 Rf6 37. Qd2 Rxf3+ 38. Kg2 Ree3 39. Bd7 Rxg3+ 40. Kh2 Qb7 41. Rxe2 Qxd7 0-1

[Event "Bayern-ch (Women)"]
[Site "Bad Griesbach"]
[Date "2016.08.22"]
[Round "2"]
[White "Milak, Adela"]
[Black "Antczak, Lena"]
[Result "0-1"]
[WhiteElo "1629"]
[BlackElo "1630"]
[PlyCount "70"]
[EventDate "2016.08.21"]
[EventType "swiss"]
[EventRounds "9"]
[EventCountry "GER"]
[SourceTitle "EXT 2022"]
[Source "ChessBase"]
[SourceDate "2021.10.06"]
[SourceVersion "1"]
[SourceVersionDate "2021.10.06"]
[SourceQuality "1"]

1. e4 e5 2. Nf3 Nc6 3. Bc4 Nf6 4. 0-0 Be7 5. Re1 d6 6. h3 Be6 7. Bxe6 fxe6 8. c3 Qd7 9. Qb3 Na5 10. Qc2 Nc6 11. d4 exd4 12. cxd4 0-0 13. Nc3 e5 14. dxe5 dxe5 15. Ng5 Nd4 16. Qd3 b5 17. Rd1 h6 18. Nf3 b4 19. Nxe5 Qe6 20. Qxd4 bxc3 21. Ng6 Rfd8 22. Nxe7+ Qxe7 23. Qc4+ Kh8 24. Re1 cxb2 25. Bxb2 Rd2 26. Bc3 Rd7 27. Rab1 Nh5 28. Rb5 Nf4 29. Qc6 Rd6 30. Qxa8+ Kh7 31. e5 Rg6 32. e6 Nxh3+ 33. Kf1 Qh4 34. Re2 Nf4 35. Qe4 Qh1# 0-1

[Event "EU-ch (Women) 17th"]
[Site "Mamaia"]
[Date "2016.06.03"]
[Round "7"]
[White "Surovtseva, Alisa"]
[Black "Milak, Adela"]
[Result "1-0"]
[WhiteElo "1574"]
[BlackElo "1677"]
[PlyCount "81"]
[EventDate "2016.05.27"]
[EventType "swiss"]
[EventRounds "11"]
[EventCountry "ROU"]
[SourceTitle "CBM 172 Extra"]
[Source "ChessBase"]
[SourceDate "2016.06.21"]
[SourceVersion "1"]
[SourceVersionDate "2016.06.21"]
[SourceQuality "1"]

1. d4 Nf6 2. Nc3 d6 3. e4 e6 4. Nf3 Be7 5. Bd3 Nbd7 6. 0-0 0-0 7. h3 c6 8. a4 Qc7 9. Be3 a5 10. Qe2 Nb6 11. Bf4 Bd7 12. e5 Nfd5 13. Qe4 f5 14. exf6 Nxf6 15. Qe2 Nh5 16. Bh2 Nf4 17. Bxf4 Rxf4 18. Qe3 Raf8 19. Ne2 Nd5 20. Qd2 Rxf3 21. gxf3 Rxf3 22. Be4 Rxh3 23. Bxd5 exd5 24. Ra3 Rxa3 25. bxa3 Bh3 26. Re1 Qd8 27. Ng3 Bf6 28. Qe3 Bd7 29. Qf4 Qf8 30. Rb1 g5 31. Qd2 Bc8 32. Nh5 Bd8 33. Rb3 Qh6 34. Ng3 Qh4 35. Qe3 Qh6 36. Qe2 g4 37. Re3 Bd7 38. Rb3 Bc8 39. Qe8+ Qf8 40. Re3 Bd7 41. Qxd7 1-0

[Event "Regionalliga SW 1516 (Women)"]
[Site "Germany"]
[Date "2016.01.10"]
[Round "3.2"]
[White "Mao, Yvonne"]
[Black "Milak, Adela"]
[Result "0-1"]
[WhiteElo "1584"]
[BlackElo "1520"]
[PlyCount "70"]
[EventDate "2015.09.27"]
[EventType "team-tourn"]
[EventRounds "5"]
[EventCountry "GER"]
[SourceTitle "EXT 2018"]
[Source "ChessBase"]
[SourceDate "2017.10.13"]
[SourceVersion "1"]
[SourceVersionDate "2017.10.13"]
[SourceQuality "1"]
[WhiteTeam "Gernsheim (W)"]
[BlackTeam "Bayern Muenchen (W) II"]
[WhiteTeamCountry "GER"]
[BlackTeamCountry "GER"]

1. e4 g6 2. d4 Bg7 3. Be3 d6 4. c4 c5 5. Nc3 Qb6 6. Nd5 Qa5+ 7. Bd2 Qd8 8. Bc3 e6 9. dxc5 Bxc3+ 10. Nxc3 dxc5 11. Qxd8+ Kxd8 12. 0-0-0+ Ke7 13. g3 Nc6 14. f4 Nh6 15. h3 a6 16. e5 Nf5 17. Nge2 Ne3 18. Rd3 Nxc4 19. Bg2 Nb4 20. Rf3 Rd8 21. a3 Nd3+ 22. Kc2 Ndxb2 23. Ne4 Na4 24. N2c3 Nxa3+ 25. Kc1 Nxc3 26. Rxc3 Nb5 27. Rxc5 Rd3 28. Rd1 Rxd1+ 29. Kxd1 Bd7 30. Nf6 Rc8 31. Rxc8 Bxc8 32. Nxh7 a5 33. Nf6 a4 34. Kc2 b6 35. Bc6 Nd4+ 0-1

[Event "GER-chT Betriebe 15th"]
[Site "Munich"]
[Date "2015.10.25"]
[Round "7.4"]
[White "Milak, Adela"]
[Black "Leube, Oliver"]
[Result "1/2-1/2"]
[WhiteElo "1658"]
[BlackElo "1928"]
[PlyCount "71"]
[EventDate "2015.10.22"]
[EventType "team-swiss"]
[EventRounds "7"]
[EventCountry "GER"]
[SourceTitle "EXT 2020"]
[Source "ChessBase"]
[SourceDate "2019.10.17"]
[SourceVersion "1"]
[SourceVersionDate "2019.10.17"]
[SourceQuality "1"]
[WhiteTeam "Deutsches Patent und Markenamt"]
[BlackTeam "Hamburg Transit"]
[WhiteTeamCountry "GER"]
[BlackTeamCountry "GER"]

1. e4 d5 2. exd5 Qxd5 3. Nc3 Qd8 4. g3 c6 5. Bg2 Nf6 6. Nf3 Bg4 7. d4 e6 8. Qd3 Bxf3 9. Bxf3 Be7 10. 0-0 0-0 11. Re1 Nbd7 12. a4 Bb4 13. Re2 Nd5 14. Ne4 N7f6 15. c3 Be7 16. Bd2 Nxe4 17. Bxe4 Nf6 18. b4 Nxe4 19. Rxe4 a6 20. Rae1 Bf6 21. f4 g6 22. g4 Qd7 23. g5 Bg7 24. h4 Rfe8 25. Qh3 Kf8 26. h5 b6 27. hxg6 hxg6 28. Qh7 Qd5 29. R4e2 Rad8 30. Bc1 Qf3 31. Be3 c5 32. dxc5 Bxc3 33. cxb6 Bxb4 34. Qh8+ Ke7 35. Qf6+ Kf8 36. Qh8+ 1/2-1/2

[Event "Bayern-ch (Women)"]
[Site "Rosenheim"]
[Date "2015.08.22"]
[Round "3"]
[White "Homfeldt, Claudia Laura"]
[Black "Milak, Adela"]
[Result "0-1"]
[WhiteElo "1442"]
[BlackElo "1659"]
[PlyCount "128"]
[EventDate "2015.08.22"]
[EventType "tourn"]
[EventRounds "9"]
[EventCountry "GER"]
[SourceTitle "EXT 2019"]
[Source "ChessBase"]
[SourceDate "2018.10.10"]
[SourceVersion "1"]
[SourceVersionDate "2018.10.10"]
[SourceQuality "1"]

1. e4 g6 2. Nc3 Bg7 3. Nf3 d6 4. Bc4 e5 5. d3 Be6 6. Be3 Bxc4 7. dxc4 Nf6 8. Bg5 Qd7 9. 0-0 0-0 10. Qe2 h6 11. Bxf6 Bxf6 12. Rad1 Na6 13. a3 Nc5 14. Nd5 Bg7 15. b3 Rac8 16. Nc3 a6 17. Nd5 f5 18. exf5 Rxf5 19. b4 Na4 20. c5 Rf7 21. Nh4 Qe6 22. Qe4 g5 23. Qg6 Re8 24. Qxe6 Rxe6 25. Nf3 dxc5 26. bxc5 Nxc5 27. Ne3 Rd6 28. Nc4 Rxd1 29. Rxd1 Rd7 30. Rxd7 Nxd7 31. h3 b5 32. Ne3 e4 33. Nd2 Nc5 34. Nf5 Bc3 35. Nb3 Nxb3 36. cxb3 Bd2 37. Nxh6+ Kh7 38. Nf7 Kg6 39. Ne5+ Kf5 40. Ng4 c5 41. Ne3+ Ke5 42. Kf1 Bc1 43. a4 bxa4 44. bxa4 Kd4 45. Ng4 c4 46. Ke1 c3 47. Kd1 Ba3 48. Ne3 Kd3 49. Nc2 Bc5 50. Ne1+ Kc4 51. Kc2 Bxf2 52. h4 gxh4 53. g3 Bxe1 54. gxh4 Bxh4 55. a5 e3 56. Kc1 Kd3 57. Kb1 e2 58. Ka2 c2 59. Kb3 c1Q 60. Ka4 Qc4+ 61. Ka3 Be7+ 62. Kb2 Qc3+ 63. Ka2 Qa3+ 64. Kb1 e1Q# 0-1

[Event "Bayern-ch (Women)"]
[Site "Rosenheim"]
[Date "2014.08.24"]
[Round "2"]
[White "Milak, Adela"]
[Black "Zwetz, Anita"]
[Result "0-1"]
[WhiteElo "1673"]
[BlackElo "1924"]
[PlyCount "89"]
[EventDate "2014.08.23"]
[EventType "tourn"]
[EventRounds "9"]
[EventCountry "GER"]
[SourceTitle "EXT 2015"]
[Source "ChessBase"]
[SourceDate "2014.11.20"]
[SourceVersion "1"]
[SourceVersionDate "2014.11.20"]
[SourceQuality "1"]

1. b4 d5 2. Bb2 Nf6 3. Nf3 c6 4. e3 Qb6 5. a3 Bg4 6. Be2 Nbd7 7. 0-0 e6 8. d3 a5 9. c3 Be7 10. Nbd2 0-0 11. h3 Bh5 12. g4 Bg6 13. Nh4 Ne8 14. Ndf3 Nd6 15. Nxg6 hxg6 16. Qd2 a4 17. Rac1 Qd8 18. Nd4 e5 19. Nc2 f5 20. c4 Nf7 21. cxd5 cxd5 22. f4 fxg4 23. hxg4 g5 24. Bf3 gxf4 25. exf4 exf4 26. Bxd5 g5 27. Bxb7 Qb6+ 28. d4 Qxb7 29. Qd3 Nh8 30. Rce1 Bf6 31. Rf3 Rf7 32. Rh3 Qd5 33. Na1 Nb6 34. Rh5 Qd7 35. Qd1 Re8 36. Rxe8+ Qxe8 37. Nc2 Qe4 38. Rh3 Rh7 39. Rxh7 Kxh7 40. Ne1 Nd5 41. Ng2 f3 42. Ne1 Qxg4+ 43. Kf2 Qh4+ 44. Kg1 f2+ 45. Kf1 0-1

[Event "Rhein Main op-A 17th"]
[Site "Bad Homburg"]
[Date "2014.06.21"]
[Round "5"]
[White "Milak, Adela"]
[Black "Kretner, Georg Ulrich"]
[Result "1-0"]
[WhiteElo "1668"]
[BlackElo "1877"]
[PlyCount "97"]
[EventDate "2014.06.18"]
[EventType "swiss"]
[EventRounds "7"]
[EventCountry "GER"]
[SourceTitle "CBM 161 Extra"]
[Source "ChessBase"]
[SourceDate "2014.08.29"]
[SourceVersion "1"]
[SourceVersionDate "2014.08.29"]
[SourceQuality "1"]

1. e4 g6 2. d4 Bg7 3. Nf3 d6 4. Be3 Nf6 5. Nbd2 0-0 6. Bd3 c6 7. c4 Ng4 8. Bg5 h6 9. Bh4 c5 10. h3 Nf6 11. Nb3 cxd4 12. Nfxd4 a5 13. Nd2 Nxe4 14. N2f3 Nc5 15. Bc2 Nc6 16. 0-0 Nxd4 17. Nxd4 Ne6 18. Nb5 Bxb2 19. Rb1 Bg7 20. Qd2 Nc5 21. Rfd1 Be6 22. Qe3 g5 23. Bg3 Qc8 24. Nd4 Bf6 25. h4 Kg7 26. f4 gxh4 27. f5 Bxc4 28. Bxh4 Bxh4 29. f6+ Bxf6 30. Nf5+ Qxf5 31. Bxf5 Bg5 32. Qc3+ Bf6 33. Qxc4 Rg8 34. Be4 Rac8 35. Bxb7 Nxb7 36. Qg4+ Kh8 37. Qh5 Rg6 38. Rxb7 Rcg8 39. Rd2 Rc8 40. Rb1 Rc5 41. Qf3 Kg7 42. Rf1 h5 43. Rd5 Rc2 44. Rxh5 Rxa2 45. Qa8 Rgxg2+ 46. Qxg2+ Rxg2+ 47. Kxg2 Bc3 48. Rg5+ Kf8 49. Rc1 1-0

[Event "Bayern-ch (Women)"]
[Site "Westerndorf St Peter"]
[Date "2013.08.25"]
[Round "1"]
[White "Milak, Adela"]
[Black "Zwetz, Anita"]
[Result "0-1"]
[WhiteElo "1666"]
[BlackElo "1890"]
[PlyCount "138"]
[EventDate "2013.08.25"]
[EventType "swiss"]
[EventRounds "9"]
[EventCountry "GER"]
[SourceTitle "EXT 2019"]
[Source "ChessBase"]
[SourceDate "2018.10.10"]
[SourceVersion "1"]
[SourceVersionDate "2018.10.10"]
[SourceQuality "1"]

1. e4 e6 2. Nf3 d5 3. exd5 exd5 4. d4 c5 5. c3 cxd4 6. cxd4 Bd6 7. g3 Ne7 8. Bg2 Nbc6 9. 0-0 0-0 10. Nc3 Qb6 11. Qd3 a6 12. Re1 Bf5 13. Qd1 Nb4 14. Re2 Rfe8 15. a3 Nbc6 16. Be3 Qd8 17. Ng5 h6 18. Nf3 Bc7 19. Qd2 Ng6 20. Ne1 Be6 21. Nd3 Na5 22. Qc2 Nc4 23. Rae1 Nxe3 24. Rxe3 Ne7 25. Nb4 Bb6 26. Qd2 Nf5 27. Rd3 Ne7 28. Rde3 Nf5 29. Rd3 Ne7 30. Nc2 Qd7 31. Ne2 Bf5 32. Re3 Nc6 33. Nb4 Rxe3 34. fxe3 Be4 35. Bxe4 dxe4 36. Nc2 Ne7 37. Nf4 f5 38. Qc3 Rc8 39. Qb3+ Kh7 40. Qxb6 Rxc2 41. Rf1 Rc6 42. Qb3 b5 43. d5 Rd6 44. Rd1 Qb7 45. a4 b4 46. Rd2 a5 47. Qc4 Qb6 48. Rd4 Rd8 49. Qe2 Rd6 50. h3 g5 51. Ne6 Rxd5 52. Nxg5+ hxg5 53. Qh5+ Qh6 54. Qf7+ Qg7 55. Qh5+ Kg8 56. Qe8+ Qf8 57. Qh5 Rxd4 58. Qxg5+ Qg7 59. Qxg7+ Kxg7 60. exd4 Kf6 61. Kf2 Nd5 62. h4 b3 63. Ke2 Nb6 64. Kd2 Nxa4 65. Ke3 Nxb2 66. d5 Nc4+ 67. Kd4 Nd6 68. Kc3 a4 69. Kb2 e3 0-1